000 00623nam a2200217Ia 4500
003 OSt
005 20220918192943.0
006 a|||||r|||| 00| 0
007 ta
008 220917b |||||||| |||| 00| 0 eng d
024 _a71,305
037 _cTextual
040 _aARTS
_cARTS
_beng
041 _2eng
_aeng
082 _aR3xM80, H1
100 _aKeyserling H
_980749
245 0 _aImmortality
_b a critique of the relations between the process of Nature and the world of man's ideas, tr by Jane Marshall
260 _c1941
942 _hR3xM80, H1
_cTEXL
_2CC
999 _c197378
_d197378